000 00609nam a2200205Ii 4500
003 JO-AjNU
008 230605s9999||||xx |||||||||||||| ||und||
040 _aJO-AjNU
_bara
_erda
_cJO-AjNU
041 _aara
050 1 4 _aQB641.S52.1971
100 3 _aشعبان ، سعد ,
_eauthor
_916735
245 0 0 _aالطريق الى القمر
264 3 1 _aالقاهرة:الهيئه المصريه، 1971
300 _a365ص
336 _atext
_btxt
_2rdacontent
337 _aunmediated
_bn
_2rdamedia
338 _avolume
_bnc
_2rdacarrier
490 0 _aالعلم للجميع
650 4 _aالكون
_916736
999 _aA5026
_c8594
_d8594